|
|
|
|
| LEADER |
00000nam0a2200000 4500 |
| 001 |
138358 |
| 005 |
20250519104048.0 |
| 035 |
|
|
|a (RuTPU)RU\TPU\book\149919
|
| 090 |
|
|
|a 138358
|
| 100 |
|
|
|a 20080523d1989 k a0rusy5003 ca
|
| 101 |
0 |
|
|a rus
|
| 102 |
|
|
|a RU
|
| 105 |
|
|
|a a z 001zy
|
| 200 |
1 |
|
|a Прогнозирование, поиски и оценка редкометальных месторождений
|e сборник научных статей
|f Академия наук СССР (АН СССР), Институт минералогии, геохимии и кристаллохимии редких элементов (ИМГРЭ) ; под ред. И. Б. Недумова, В. С. Кудрина
|
| 210 |
|
|
|a Москва
|c ИМГРЭ
|d 1989
|
| 215 |
|
|
|a 164 с.
|c ил.
|d 21 см
|e Прил. ([7] л. ил., карт.)
|
| 320 |
|
|
|a Библиогр. в конце ст.
|
| 610 |
1 |
|
|a руды
|
| 610 |
1 |
|
|a поиски
|
| 610 |
1 |
|
|a редкие металлы
|
| 610 |
1 |
|
|a месторождения
|
| 610 |
1 |
|
|a прогноз
|
| 610 |
1 |
|
|a разведка
|
| 610 |
1 |
|
|a редкометальные месторождения
|
| 675 |
|
|
|a 553.493.5
|
| 702 |
|
1 |
|a Недумов
|b И. Б.
|g Игорь Борисович
|4 340
|
| 702 |
|
1 |
|a Кудрин
|b В. С.
|4 340
|
| 712 |
0 |
2 |
|a Академия наук СССР (АН СССР)
|b Институт минералогии, геохимии и кристаллохимии редких элементов (ИМГРЭ)
|c (Москва)
|3 (RuTPU)RU\TPU\col\10887
|
| 801 |
|
0 |
|a RU
|b RuMRKP
|c 19960705
|g psbo
|
| 801 |
|
1 |
|a RU
|b 63413507
|c 20080523
|g PSBO
|
| 801 |
|
2 |
|a RU
|b 63413507
|c 20090116
|g PSBO
|
| 850 |
|
|
|a 63413507
|
| 942 |
|
|
|c BK
|